000 00941nac a22002771i 4500
003 EG-ScBUE
005 20250804082910.0
008 250804t1952 enka g 000 0 eng d
035 _a(OCoLC)5431071
040 _aEG-ScBUE
_beng
_erda
_cEG-ScBUE
_dEG-ScBUE
082 0 4 _a547.072
_bMAN
_222
100 1 _aMann, Frederick George,
_eauthor.
245 1 0 _aPractical organic chemistry /
_cby Frederick George Mann and Bernard Charles Saunders.
250 _aThird edition.
264 1 _aLondon ;
_aNew York :
_bLongmans, Green,
_c[1952]
264 4 _cc1952
300 _a466 pages :
_billustrations ;
_c23 cm
336 _2rdacontent
_atext
_btxt
337 _aunmediated
_2rdamedia
_bn
338 _avolume
_bnc
_2rdacarrier
650 7 _aChemistry, Organic
_xLaboratory manuals.
_2BUEsh
655 _vReading book
700 1 _aSaunders, Bernard Charles,
_eauthor.
942 _cBB
_2ddc
999 _c3315
_d3315